000 01354nam a2200325 i 4500
001 000017884
003 DO-SdBNP
005 20251030095920.0
007 ta
008 100407s1985 dr a 000 0 spa d
020 _a8489532993
040 _aDO-SdBNP
_bspa
_cBNPHU
_erda
041 _aspa
082 4 _a972.9304
_bH565b
_222
100 1 _aHerrera, César A.,
_d1910-1988
_eautor
_4aut.
_98333
245 1 3 _aLa Batalla de las Carreras :
_bsus antecedentes históricos y consecuencias trascendentales /
_cCésar A. Herrera.
250 _aCuarta edición
264 1 _aSanto Domingo :
_bEdiciones Tolle, Lege,
_c1985.
300 _a115 páginas
_bilustraciones
_c21 cm.
336 _atexto
_btxt
_2rdacontent
337 _asin mediación
_bn
_2rdamedia
338 _avolumen
_bnc
_2rdacarrier
504 _aBibliografías : página 5.
586 _a1er. premio en el Certamen histórico organizado por la Academia Dominicana de la Historia, La Academia Dominicana de la Lengua y el Ateneo Dominicano en celebración, en 1949 del primer centenario de la gloriosa batalla.
590 _aInventariado, 2024/ YL
600 1 4 _aSantana Familias, Pedro,
_d1801-1864
_xVida militar
_986756
651 0 _aRepública Dominicana
_978065
_xHistoria
_yBatalla de Las Carreras, 1849
910 _aYLockward. Validado control de calidad/MAA
942 _2ddc
_cLBS1
999 _c17408
_d17408